UBT Library

WESTERN CIVILAZITION A BRIEF HISTORY (Record no. 13386)

000 -LEADER
fixed length control field 00313nam a22001337a 4500
008 - FIXED-LENGTH DATA ELEMENTS--GENERAL INFORMATION
fixed length control field 170516b xxu||||| |||| 00| 0 eng d
020 ## - INTERNATIONAL STANDARD BOOK NUMBER
International Standard Book Number 9780395943656
041 ## - LANGUAGE CODE
Language code of text/sound track or separate title eng
080 ## - UNIVERSAL DECIMAL CLASSIFICATION NUMBER
Edition identifier 5 ED
Universal Decimal Classification number 94
100 ## - Rafti
Rafti 16
101 ## - Shkurtesa
Shkurtesa SHH
245 ## - TITLE STATEMENT
Title WESTERN CIVILAZITION A BRIEF HISTORY
Statement of responsibility, etc PERRY.M
942 ## - ADDED ENTRY ELEMENTS (KOHA)
Source of classification or shelving scheme
Item type Books
Holdings
Withdrawn status Lost status Source of classification or shelving scheme Damaged status Not for loan Collection code Permanent location Current location Shelving location Date acquired Total Checkouts Full call number Barcode Date last seen Price effective from Koha item type
          Koleksioni i përgjithshem UBT - Lipjan UBT - Lipjan Koleksioni i përgjithshem 05/16/2017   94 PER 002-285145 05/16/2017 05/16/2017 Books
UBT Library © 2015-2024. All rights reserved University Education for Business and Technology